00800nam a2200193 a 450000500170000000800410001702000180005805000220007610000180009824500760011626000390019230000230023144000220025452001320027665000260040865000310043499900190046595201220048420140412111359.0060126s19uu xx 00 eng d a0-439-62810-5 aTR(PS EbIm1 2004 aParker, David aI'm in charge of me! /cby David Parker ; illustrated by Sylvia Walker. aNew York :bScholastic Inc,c2004. a1 v. (unp.) ; ill. aThe Best I Can Be aMaking choices puts children in charge of their own behavior instead of having someone else tell them the proper way to behave. aSelf-controlxFiction aBehaviorxChildren stories c105439d105439 00104050aELbELcTRd2006-01-26eDonationg95.00l0oTR(PS E Im1 2004pE10142r2014-04-12 00:00:00w2014-04-12yBK